Statistics for 39 Brawl Stars brawlers 2020

Click here to take the quiz!

General Stats

  • This quiz has been taken 108 times
  • The average score is 31 of 39

Answer Stats

Answer% Correct
1Shelly
98%
35Leon
96%
2Nita
96%
3Colt
94%
4Bull
92%
34Crow
92%
12El Primo
92%
33Spike
92%
9Tick
88%
7Dynamike
86%
5Jessie
86%
27Mortis
86%
15Rosa
86%
13Barley
84%
8Bo
84%
23Frank
84%
36Sandy
84%
6Brock
82%
11Emz
82%
37Gale
82%
18Penny
82%
14Poco
82%
16Rico
82%
38Surge
82%
19Carl
80%
17Darryl
80%
22Pam
80%
28Tara
80%
29Gene
78%
108-Bit
76%
20Jacky
73%
30Max
71%
24Bibi
69%
21Piper
67%
39Colette
65%
31Mr.P
65%
25Bea
63%
32Sprout
59%
26Nani
55%

Score Distribution

Percentile by Number Answered

Percent of People with Each Score

Your Score History

You have not taken this quiz